News Reporting and Editing in Digital Age (Record no. 906)

MARC details
000 -LEADER
Fixed length control field 00443nam a2200169 4500
003 - CONTROL NUMBER IDENTIFIER
Control field SEACOMMC
005 - DATE AND TIME OF LATEST TRANSACTION
Control field 20250429110018.0
008 - FIXED-LENGTH DATA ELEMENTS--GENERAL INFORMATION
Fixed length control field 241219b |||||||| |||| 00| 0 eng d
020 ## - INTERNATIONAL STANDARD BOOK NUMBER / ISBN
International Standard Book Number 81-89012-04-5
Price Rs.650.00
040 ## - CATALOGING SOURCE
Original cataloging agency SEACOMMC
082 ## - DEWEY DECIMAL CLASSIFICATION NUMBER
Classification number 070.4
Book Number G 196
100 ## - MAIN ENTRY--PERSONAL NAME
Personal name Ganesh, T.K.
245 1# - TITLE STATEMENT
Title News Reporting and Editing in Digital Age
Statement of responsibility T.K. Ganesh
260 ## - IMPRINT
Place of publication Delhi
Name of publisher Gnosis
Date of publication 2006
650 ## - SUBJECT ADDED ENTRY--TOPICAL TERM
Topical term News Reporting
942 ## - ADDED ENTRY ELEMENTS (KOHA)
Koha item type Books
Holdings
Withdrawn status Lost status Source of classification Damaged status Not for loan Home library Current library Shelving location Date acquired Total Checkouts Call number Accession number Date last seen Price effective from Koha item type
    Dewey Decimal Classification     SEACOM MANAGEMENT COLLEGE SEACOM MANAGEMENT COLLEGE Reference 11/12/2007   070.4 G 196 M-1219 19/12/2024 19/12/2024 Books
© Seacom Engineering College, All rights reserved.    Powered by Koha